00512 a2200145 4500000002500000100002400025110002400049245004300073250002000116260004400136264004400180942000700224952011600231999001900347 nam a22 7a 4500 aPandey, Vidyadhar  aPandey, Vidyadhar  aSamkalin Bhartiya Samaj evam Sanskriti aLatest edition  bSwastik Publishers & Distributorsc2021 bSwastik Publishers & Distributorsc2021 cBK 00102ddc4070aMAINbMAINd2026-02-25e1035g1871.25l0p438584r2026-02-25 00:00:00v2495.00w2026-02-25yBK c394947d394947